Advocacia-Geral da União : (Record no. 1161)

MARC details
000 -LÍDER
Campo Fixo de Controle 01074nam a2200301 a 4500
001 - NÚMERO DE CONTROLE
Campo de Controle 1161
003 - IDENTIFICAÇÃO DO NÚMERO DE CONTROLE
Campo de Controle BR-CuiBMT
005 - DATA E HORA DA ÚLTIMA ATUALIZAÇÃO
Campo de Controle 20231130162559.0
008 - DADOS FIXOS
Dados Fixos 231110s2015 baba 000 0 por d
020 ## - INTERNATIONAL STANDARD BOOK NUMBER
Nº do ISBN 8544203124
040 ## - AGÊNCIA CATALOGADORA
Código da Agência Catalogadora BR-CuiBMT
Agência que transcreveu o registro BR-CuiBMT
080 ## - Nº DA CLASSIFICAÇÃO DECIMAL UNIVERSAL
Nº edição CDU 2007
Nº Class. CDU 35.08:347.965
Subd. Auxiliar Comum (079.1)
090 ## - NÚMERO DE CHAMADA
Nº classificação 35.08:347.965(079.1)
Cutter A244
Ano/Edição 4. ed.
245 00 - TÍTULO PRINCIPAL
Título principal Advocacia-Geral da União :
Subtítulo procurador federal, advogado da União : edital sistematizado /
Indicação de responsabilidade Leonardo de Medeiros Garcia, Roberval Rocha [organizadores].
250 ## - EDIÇÃO
Edição 4. ed., rev. e ampl.
260 ## - PUBLICAÇÃO, DISTRIBUIÇÃO, ETC.
Local de publicação Salvador :
Editora JusPODIVM,
Data 2015.
300 ## - DESCRIÇÃO FÍSICA
N. páginas ou volumes 435 p. ;
Dimensões 24 cm
490 1# - INDICAÇÃO DE SÉRIE
Título da série Coleção edital sistematizado
504 ## - NOTA DE BIBLIOGRAFIA, ETC.
Nota de bibliografia Inclui bibliografia.
650 ## - ASSUNTO TÓPICO
Cabeçalho tópico ou nome geográfico Serviço público
Subdivisão geral Concursos
Subdivisão geográfica Brasil
650 ## - ASSUNTO TÓPICO
Cabeçalho tópico ou nome geográfico Advogados da União
Subdivisão geral Concursos
Subdivisão geográfica Brasil
650 ## - ASSUNTO TÓPICO
Cabeçalho tópico ou nome geográfico Procuradoria federal
Subdivisão geral Concursos
Subdivisão geográfica Brasil
650 ## - ASSUNTO TÓPICO
Cabeçalho tópico ou nome geográfico Servidores públicos
Subdivisão geral Seleção
Subdivisão geográfica Brasil
700 1# - ENTRADA SECUNDÁRIA -- NOME PESSOAL
Nome pessoal Garcia, Leonardo de Medeiros
Cód. do termo explicativo org.
700 1# - ENTRADA SECUNDÁRIA -- NOME PESSOAL
Nome pessoal Rocha, Roberval
Cód. do termo explicativo org.
830 #0 - ENTRADA SECUNDÁRIA DE SÉRIE -- TÍTULO UNIFORME
Título uniforme Edital sistematizado
942 ## - ELEMENTOS DE ENTRADA ADICIONAIS (KOHA)
Fonte de classificação ou esquema de arquivamento Classificação Decimal Universal
Tipo de item do Koha Livros
Holdings
Estado: removido Estado: perdido Fonte de classificação ou esquema de arquivamento Estado: danificado Indisponível para empréstimo Localização permanente Localização atual Data de aquisição Total Checkouts Número de Chamada completo Código de barras Date last seen Número do exemplar Preço efetivo a partir de Tipo de item (Koha)
    Classificação Decimal Universal     Biblioteca da Escola Superior de Contas do TCE/MT Biblioteca da Escola Superior de Contas do TCE/MT 30/11/2023   35.08:347.965(079.1) A244 4. ed. BIBTCEMT23111357 30/11/2023 Ex. 1 30/11/2023 Livros

Powered by Koha